[Event "Isla de la Palma Semana Santa op 3rd"]
[Site "Isla de la Palma"]
[Date "2018.03.25"]
[Round "3"]
[White "Morcuende Hurtado, Miguel Angel"]
[Black "Martin Rodriguez, Miguel"]
[Result "1-0"]
[WhiteElo "1669"]
[BlackElo "1236"]
[PlyCount "51"]
[EventDate "2018.03.24"]
[EventType "swiss"]
[EventRounds "7"]
[EventCountry "ESP"]
[SourceTitle "CBM 183 Extra"]
[Source "ChessBase"]
[SourceDate "2018.04.19"]
[SourceVersion "1"]
[SourceVersionDate "2018.04.19"]
[SourceQuality "1"]

1. c4 c5 2. Nf3 Nc6 3. Nc3 Nf6 4. g3 g6 5. Bg2 Bg7 6. 0-0 0-0 7. d3 d6 8. Bd2 Bd7 9. h3 a6 10. Qc1 Rb8 11. Bh6 b5 12. Bxg7 Kxg7 13. Nd2 b4 14. Nce4 Nxe4 15. dxe4 a5 16. b3 Nd4 17. Qb2 Kg8 18. Nf3 e5 19. Nxd4 exd4 20. Qd2 f5 21. exf5 Rxf5 22. e3 dxe3 23. Qxe3 Qf6 24. Rad1 Re8 25. Qd2 Re6 26. Bd5 1-0